00605nam a2200181Ia 4500008004100000020001500041041001200056082001600068100001400084245007100098260002500169300000800194650000800202700002000210942000700230999001500237952017100252221030s9999 xx 000 0 und d a0074624563 aEnglish a105.23bTau aS. Haykin 0aPrinciples of Communcations Systemscby S. Haykin, D. L. Schilling bTMHaNew Delhic1999 a759 aECE aD. L. Schilling cBK c2454d2454 pBE 1244g215.00l0o105.23 Taur2024-06-13 00:00:00w2022-10-30yBK003Print4070aMIETLIBbMIETLIBcBL-Academic Block C, FL-2, CUP-14, SH-2, R-2d2000-04-2610HBE